000 00791nam a2200193 4500
005 20260330185010.0
008 210528b ||||| |||| 00| 0 eng d
022 _a10422587
082 _aDPer 658.405 En86 September-November 2015 v. 39 n. 5
100 _aZellweger, Thomas.
_943293
245 _aFamily, wealth and governance :
_ban agency account /
_cThomas Zellweger and Nadine Kammerlander.
260 _aHoboken, NJ ;
_bWiley Subscription Services, Inc. ,
_cSeptember 2015.
300 _aVolume 39, pages 1281-1304 :
_billustrations ;
_c25 cm.
500 _aEntrepreneurship Theory and Practice, vol. 39, no. 5, pages 1281-1304, November 2025.
650 _aBusiness.
_943294
650 _aFamily
_xBusiness.
_943290
700 _a Kammerlander, N.
_eAuthor.
_943295
942 _2ddc
_cPER
999 _c16166
_d16166